000
00329nam a22001577a 4500
003
SGT
020
_a
9789353041502
082
_a
025.4618
_b
P18K
100
_a
KANT, AMITABH
245
_a
THE PATH AHEAD
250
_a
1ST
260
_a
INDIA
_b
RUPA PUB
_c
2018
300
_a
346
650
_a
GENERAL BOOKS
942
_2
ddc
_c
BK
999
_c
26343
_d
26343